000 00700nam a2200289Ia 4500
005 20260324114602.0
008 008 260324s9999 xx 000 0 eng d
020 _a9781003050582
037 _aEBOOK
040 _aCRL
040 _beng
040 _cCRL
041 _2eng
041 _aeng
084 _qCRL
100 _aCaio Lima Firme
_91151361
245 0 _aQuantum Mechanics
245 0 _bDetailed Historical, Mathematical and Computational Approaches
260 _bTaylor and Francis
260 _c2022
365 _a
365 _b400
856 _uhttp://www.taylorfrancis.com/books/9781003050582
942 _cEBOOK
999 _c1741625
_d1741625